00797 2200229 4500001002100000005001700021008004100038035002500079040001200104082001700116084002200133100001900155245013300174260007300307300003100380500005600411504002800467650002400495700001800519850001200537990001800549INLIS00000000001109420150825114753.0  a0010-081500000002532 aYOPDYOG 223a371.4042 aSK 371.4042 Sep M aSEPTIANA Abadi aMetode bimbingan konseling Islam dalam penanaman disiplin tata tertib pada iswa SMP Muihammadiyah 7 Yogyakartac/ Septiana Abadi aYogyakartabUniversitas Islam Negeri Sunan Kalijaga Yogyakartac2008 axii, 84 lembarc; 29,5 cm. aSkripsi Jurusan Bimbingan Konseling Fakultas Dakwah aBibliografi: hlm. 82-84 aBimbingan konseling aWAHSYIM Bilal aYOPDYOG a48842-PD/A.15